| 000 | 00837nam a2200277Ia 4500 | ||
|---|---|---|---|
| 001 | Para_4931 | ||
| 003 | CHAP | ||
| 008 | 220125s1923 xx 000 0 und d | ||
| 010 | _a203390 | ||
| 040 | _cCHAP | ||
| 090 | _aPA FOLLETO 2926 | ||
| 100 |
_aPhillips, W. J. _987842 |
||
| 245 |
_aThe corn earworm its ravages on field corn and suggestions for control / _c W. J. Phillips, Kenneth M. King |
||
| 260 |
_aWashington : _b Department of Agriculture |
||
| 300 | _a18 p. | ||
| 440 |
_aEUA. Dept. Agr. Farmers. Bull; 1310 _9169157 |
||
| 650 |
_aHeliothis armígera Maíz _x Plagas _9169158 |
||
| 700 |
_aKing, Kenneth M. _963282 |
||
| 901 | _aPA FOLLETO 2926 | ||
| 902 | _aA | ||
| 905 | _a0000001923 WAS 0000000000 00 | ||
| 910 | _a1923 | ||
| 942 | _cPARA | ||
| 942 |
_cPARA _d1 |
||
| 999 |
_c203390 _d203390 |
||